Normal view
MARC view
Entry Personal Name
001 - CONTROL NUMBER
- control field: 12694
003 - CONTROL NUMBER IDENTIFIER
- control field: dpl
005 - DATE AND TIME OF LATEST TRANSACTION
- control field: 20100813143414.0
008 - FIXED-LENGTH DATA ELEMENTS
- fixed length control field: 100813|||a|||||| | ||| d
040 ## - CATALOGING SOURCE
- Original cataloging agency: dpl
- Transcribing agency: dpl
100 ## - HEADING--PERSONAL NAME
- Personal name: शर्मा, ब्रजमोहन
670 ## - SOURCE DATA FOUND
- Source citation: Work cat.: (dpl): शर्मा, ब्रजमोहन, चक्रव्यूह /, 2009
670 ## - SOURCE DATA FOUND
- Source citation: Work cat.: (dpl): शर्मा, ब्रजमोहन, चक्रव्यूह /, 2009
